000 01430nam0a2200313 i 4500
001 RU\NLR\bibl\1915828
005 20240921115703.0
010 _a9785696041582
_9100
021 _aRU
_b2012-38498
_92855
035 _a(NLR Aleph) 001905322
090 _a3102827
_c3102827
100 _a20120620d2011 u y0rusy50 ca
101 0 _arus
102 _aRU
105 _aa |||||||||
200 1 _aЭлементы информационной электроники систем управления вентильными преобразователями
_eмонография
_fМ.М. Дудкин, Л.И. Цытович
_gМ-во образования и науки Рос. Федерации, Юж.-Урал. гос. ун-т, Каф. "Электропривод и автоматизация пром. установок"
210 _aЧелябинск
_cЮУрГУ
_d2011
215 _a361, [1] с.
_cил.
_d22
320 _aБиблиогр.: с. 344-358 (192 назв.)
606 1 _aВентили электрические
_xУправление
_92401509
_3RU\NLR\auth\661431477
686 _aЗ264.505
700 1 _aДудкин
_bМ. М.
_gМаксим Михайлович
_4070
701 1 _aЦытович
_bЛ. И.
_gЛеонид Игнатьевич
_4070
801 0 _aRU
_bNLR
_c20120620
_gRCR
801 1 _aRU
_bNLR
_c20120620
830 _aавт. по кн.
942 _cBOOK
980 _aNBR